| 000 | 01013nam a22003617a 4500 | ||
|---|---|---|---|
| 001 | BR0601518 | ||
| 003 | BR-BrBNA | ||
| 005 | 20230928102121.0 | ||
| 007 | ta | ||
| 008 | 230509b bl.||||| |||| 00| 0 por d | ||
| 040 |
_aBR-BrBNA _bpor _cBiblioteca Nacional de Agricultura |
||
| 041 | _a(Por) | ||
| 072 |
_aH60; F70 _b3876 |
||
| 090 | _ 3876 BR0601518 | ||
| 110 | 1 |
_aSociedade Brasileira da Ciência das Plantas Daninhas, Curitiba, PR (Brasil) _99623 |
|
| 245 | 1 | _aIdentificação e manejo de plantas daninhas resistentes aos herbicidas | |
| 260 | 3 |
_aLondrina, PR (Brasil): _c2000. |
|
| 300 | _a32 p. | ||
| 500 | _a9 ref. | ||
| 650 | _aIDENTIFICAÇÃO | ||
| 650 | _aERVA DANINHA | ||
| 650 | _aHERBICIDA | ||
| 650 | _aRESISTÊNCIA A PESTICIDA | ||
| 650 | _aTAXONOMIA | ||
| 650 | _aHERBICIDA | ||
| 650 | _aPRÁTICA CULTURAL | ||
| 650 | _aCONTROLE QUÍMICO | ||
| 650 | _aSEMENTE | ||
| 650 | _aPROFILAXIA | ||
| 650 | _aNOMENCLATURA | ||
| 909 |
_a202309 _bLucia _c55 _dLucia Elande |
||
| 942 | _cBK | ||
| 999 |
_c69218 _d69218 |
||